000 00437nam a2200181Ia 4500
008 170705s9999 xx 000 0 und d
020 _a9780545497978
245 _aFlat Stanley at bat /
245 _cJeff Brown.
260 _aNew York :
260 _bScholastic,
260 _c2012
300 _a27 pages :
300 _bcolor illustration ;
300 _c23cm.
440 _aI can read! Reading with help 2.
500 _a360
999 _c336006
_d336006